000 00479nam a2200205Ia 4500
005 20251020182544.0
008 200515s9999 xx 000 0 und d
082 _a747/ID29/1
110 _aIdeafabrics in decoration : Idea textil decoration
245 0 _aDormitorios/Bedrooms
260 _aBarcelona
260 _cs.a.
300 _a119
500 _a1 ejemplar
650 _aDORMITORIOS
650 _aEDREDONES
650 _aLIB
650 _aTEXTILES
942 _cLIB
999 _c2495
_d2495